[Event "Potiguar-ch Interiorano"]
[Site "Parnamirim"]
[Date "2018.01.13"]
[Round "2.6"]
[White "De Morais, Alemberg Beserra"]
[Black "Da Silva, Maicom Douglas"]
[Result "1-0"]
[WhiteElo "1716"]
[BlackElo "1800"]
[PlyCount "35"]
[EventDate "2018.01.12"]
[EventType "swiss"]
[EventRounds "5"]
[EventCountry "BRA"]
[SourceTitle "EXT 2022"]
[Source "ChessBase"]
[SourceDate "2021.10.06"]
[SourceVersion "1"]
[SourceVersionDate "2021.10.06"]
[SourceQuality "1"]

1. d4 Nf6 2. Nf3 e6 3. Bg5 d5 4. e3 Nbd7 5. Bd3 c6 6. 0-0 Bd6 7. Nbd2 h6 8. Bh4 c5 9. c3 b6 10. Rc1 Qc7 11. Re1 Bb7 12. e4 0-0 13. e5 Be7 14. exf6 Nxf6 15. Bb1 Qd6 16. Qc2 g6 17. Ne5 Kg7 18. Bg3 1-0

[Event "Joao Pessoa Fischer Memorial 8th"]
[Site "Joao Pessoa"]
[Date "2017.03.17"]
[Round "2"]
[White "Born, Ary"]
[Black "De Morais, Alemberg Beserra"]
[Result "0-1"]
[WhiteElo "1425"]
[BlackElo "1750"]
[PlyCount "60"]
[EventDate "2017.03.17"]
[EventType "swiss"]
[EventRounds "6"]
[EventCountry "BRA"]
[SourceTitle "CBM 177 Extra"]
[Source "ChessBase"]
[SourceDate "2017.04.27"]
[SourceVersion "1"]
[SourceVersionDate "2017.04.27"]
[SourceQuality "1"]

1. e4 e5 2. Nf3 Nc6 3. c3 d5 4. exd5 Qxd5 5. d4 exd4 6. Nxd4 Nxd4 7. cxd4 Bd7 8. Nc3 Bb4 9. Be3 Nf6 10. a3 Bxc3+ 11. bxc3 0-0 12. c4 Qa5+ 13. Qd2 Qxd2+ 14. Bxd2 Rfe8+ 15. Be3 Ng4 16. Be2 Nxe3 17. fxe3 Rxe3 18. Kd2 Rae8 19. Rhe1 Bf5 20. Bf1 Rxe1 21. Rxe1 Rxe1 22. Kxe1 Kf8 23. Kd2 Ke7 24. Ke3 Kd6 25. g3 c6 26. h4 a6 27. Kf4 Bd7 28. d5 b5 29. g4 b4 30. c5+ Kxd5 0-1

[Event "Potiguar-ch sf"]
[Site "Natal"]
[Date "2016.09.16"]
[Round "2.3"]
[White "De Morais, Alemberg Beserra"]
[Black "Jordao Barbosa, Marcio Ferre"]
[Result "1/2-1/2"]
[WhiteElo "1731"]
[BlackElo "2031"]
[PlyCount "121"]
[EventDate "2016.09.16"]
[EventType "swiss"]
[EventRounds "6"]
[EventCountry "BRA"]
[SourceTitle "EXT 2022"]
[Source "ChessBase"]
[SourceDate "2021.10.06"]
[SourceVersion "1"]
[SourceVersionDate "2021.10.06"]
[SourceQuality "1"]

1. Nf3 d5 2. g3 Nc6 3. Bg2 e5 4. d3 f5 5. 0-0 Nf6 6. c4 d4 7. Re1 e4 8. dxe4 fxe4 9. Ng5 Bf5 10. e3 Bb4 11. Bd2 dxe3 12. fxe3 h6 13. Nh3 Qd7 14. Nf2 0-0-0 15. Re2 Qe6 16. Qb3 Bc5 17. Qb5 Bb6 18. b4 a6 19. Qxf5 Qxf5 20. Bh3 Qxh3 21. Nxh3 Ne5 22. c5 Ba7 23. Kg2 b6 24. Bc3 Nc6 25. Nd2 Rhe8 26. a4 bxc5 27. b5 Nb4 28. Bxf6 gxf6 29. Nc4 Rd3 30. Rc1 axb5 31. axb5 Nd5 32. Nf4 Nxf4+ 33. gxf4 Red8 34. Ra1 Bb8 35. Ra6 Rc3 36. Na5 Ra3 37. Nc4 Rc3 38. Na5 Rd6 39. Nc6 Rb3 40. Ra8 Rxb5 41. Na7+ Kb7 42. Nxb5 Kxa8 43. Nxd6 cxd6 44. Rd2 Kb7 45. Kf2 Kc6 46. Ke1 Bc7 47. Rg2 d5 48. Rg6 Bd8 49. Rxh6 d4 50. Rg6 d3 51. h4 c4 52. h5 c3 53. Kd1 c2+ 54. Kc1 Be7 55. Rg1 Ba3+ 56. Kd2 f5 57. h6 Bb2 58. h7 Bh8 59. Rh1 Bb2 60. Rg1 Bh8 61. Rh1 1/2-1/2

[Event "Natal-ch"]
[Site "Natal"]
[Date "2016.02.06"]
[Round "1"]
[White "Brito, Luismar Jorge"]
[Black "De Morais, Alemberg Beserra"]
[Result "1-0"]
[WhiteElo "2224"]
[BlackElo "1704"]
[PlyCount "47"]
[EventDate "2016.02.06"]
[EventType "swiss"]
[EventRounds "6"]
[EventCountry "BRA"]
[SourceTitle "CBM 171 Extra"]
[Source "ChessBase"]
[SourceDate "2016.04.26"]
[SourceVersion "1"]
[SourceVersionDate "2016.04.26"]
[SourceQuality "1"]

1. Nc3 Nc6 2. Nf3 Nf6 3. e4 e5 4. Bb5 d6 5. d4 exd4 6. Qxd4 Bd7 7. Bxc6 Bxc6 8. Bg5 Be7 9. 0-0-0 0-0 10. e5 Bxf3 11. gxf3 Ne8 12. h4 f6 13. exd6 Nxd6 14. Bf4 Qe8 15. Nd5 Qf7 16. Nxc7 Nf5 17. Qd5 Qxd5 18. Rxd5 Rac8 19. Rxf5 g6 20. Rd5 g5 21. Rd7 Bd8 22. hxg5 Rf7 23. Rxf7 Kxf7 24. Rxh7+ 1-0

[Event "Natal Potiguar op 10th"]
[Site "Natal"]
[Date "2015.07.05"]
[Round "5"]
[White "Da Silva, Douglas Barbosa"]
[Black "De Morais, Alemberg Beserra"]
[Result "1-0"]
[WhiteElo "1822"]
[BlackElo "1702"]
[PlyCount "69"]
[EventDate "2015.07.03"]
[EventType "swiss"]
[EventRounds "6"]
[EventCountry "BRA"]
[SourceTitle "CBM 167 Extra"]
[Source "ChessBase"]
[SourceDate "2015.09.14"]
[SourceVersion "1"]
[SourceVersionDate "2015.09.14"]
[SourceQuality "1"]

1. e4 c6 2. d4 d5 3. exd5 cxd5 4. Bd3 Nf6 5. c3 Nc6 6. Bf4 Qb6 7. Qc2 h6 8. Nd2 Bg4 9. h3 Bd7 10. Ngf3 Rc8 11. Qb1 e6 12. 0-0 Be7 13. Ne5 0-0 14. Ndf3 Rfd8 15. Re1 Nxe5 16. dxe5 Ne8 17. Qc1 h5 18. a4 a5 19. Qd2 Bc6 20. Bg5 Qc7 21. Qf4 g6 22. Qh4 Bxg5 23. Qxg5 Kh7 24. Qxh5+ Kg7 25. Qh4 f6 26. exf6+ Nxf6 27. Ng5 Rd6 28. Nxe6+ Rxe6 29. Rxe6 Qf7 30. Rae1 Re8 31. Rxe8 Bxe8 32. Qd4 Bc6 33. Bb5 Kh6 34. Bxc6 bxc6 35. Qe3+ 1-0

[Event "Potiguar-ch"]
[Site "Natal"]
[Date "2013.10.04"]
[Round "6.16"]
[White "De Morais, Alemberg Beserra"]
[Black "Barbosa, Vitor Hugo Villar D"]
[Result "0-1"]
[WhiteElo "1710"]
[BlackElo "1800"]
[PlyCount "76"]
[EventDate "2013.09.27"]
[EventType "swiss"]
[EventRounds "9"]
[EventCountry "BRA"]
[SourceTitle "EXT 2015"]
[Source "ChessBase"]
[SourceDate "2014.11.20"]
[SourceVersion "1"]
[SourceVersionDate "2014.11.20"]
[SourceQuality "1"]

1. d4 b6 2. e4 Bb7 3. Nc3 e6 4. Nf3 Bb4 5. Bd3 Nf6 6. Qe2 d5 7. e5 Ne4 8. Bd2 Nxd2 9. Qxd2 Be7 10. Ne2 c5 11. c3 Nc6 12. 0-0 0-0 13. Nf4 Rc8 14. Rac1 cxd4 15. cxd4 Nb4 16. Bb1 Ba6 17. Rxc8 Qxc8 18. a3 Bxf1 19. Kxf1 Nc6 20. h4 Na5 21. Qd1 Qc4+ 22. Bd3 Qb3 23. Qb1 h6 24. g4 Nc4 25. Kg2 Qxb2 26. Qh1 g6 27. Qh3 Nd2 28. Nh2 Ne4 29. Qe3 Bxh4 30. Bxe4 dxe4 31. Nf1 Rc8 32. Nh3 Rc2 33. Qf4 Qxa3 34. Ne3 Re2 35. g5 Qxe3 36. Qxe3 Rxe3 37. fxe3 Bxg5 38. Kf2 Kf8 0-1

[Event "Potiguar-ch"]
[Site "Natal"]
[Date "2013.09.29"]
[Round "5.11"]
[White "Gomes da Silva, Tales"]
[Black "De Morais, Alemberg Beserra"]
[Result "1-0"]
[WhiteElo "1822"]
[BlackElo "1710"]
[PlyCount "97"]
[EventDate "2013.09.27"]
[EventType "swiss"]
[EventRounds "9"]
[EventCountry "BRA"]
[SourceTitle "EXT 2015"]
[Source "ChessBase"]
[SourceDate "2014.11.20"]
[SourceVersion "1"]
[SourceVersionDate "2014.11.20"]
[SourceQuality "1"]

1. e4 e5 2. Nf3 Nc6 3. Bc4 Nf6 4. d3 d5 5. exd5 Nxd5 6. h3 Be7 7. Bb5 f6 8. Bd2 0-0 9. Nc3 Be6 10. 0-0 Qd6 11. Re1 a6 12. Ba4 b5 13. Bb3 Nxc3 14. Bxe6+ Qxe6 15. Bxc3 Qf5 16. Qe2 Rae8 17. a3 Bc5 18. Qe4 Qxe4 19. Rxe4 Rd8 20. Rae1 Rd7 21. Kf1 Rfd8 22. Nd2 Kf7 23. Nb3 Bb6 24. a4 Rd5 25. axb5 axb5 26. Ra1 f5 27. Re2 b4 28. Bd2 e4 29. dxe4 fxe4 30. Rae1 Rf5 31. Be3 Na5 32. Bxb6 cxb6 33. Rxe4 Nxb3 34. cxb3 Rd2 35. R4e2 Rfd5 36. Rxd2 Rxd2 37. Re4 Rxb2 38. Rxb4 g6 39. Rxb6 h6 40. h4 h5 41. g3 Kg7 42. Kg2 Rd2 43. b4 Rb2 44. b5 Rb3 45. Rb7+ Kh6 46. f3 g5 47. hxg5+ Kxg5 48. Rb8 h4 49. b6 1-0

[Event "Potiguar-ch"]
[Site "Natal"]
[Date "2013.09.28"]
[Round "2.12"]
[White "De Morais, Alemberg Beserra"]
[Black "De Lima, Alan Silva"]
[Result "0-1"]
[WhiteElo "1710"]
[BlackElo "1936"]
[PlyCount "86"]
[EventDate "2013.09.27"]
[EventType "swiss"]
[EventRounds "9"]
[EventCountry "BRA"]
[SourceTitle "EXT 2015"]
[Source "ChessBase"]
[SourceDate "2014.11.20"]
[SourceVersion "1"]
[SourceVersionDate "2014.11.20"]
[SourceQuality "1"]

1. d4 c5 2. c3 b6 3. Bf4 Bb7 4. Nf3 d6 5. e3 Nd7 6. Bb5 Ngf6 7. h3 g6 8. 0-0 Bg7 9. Nbd2 0-0 10. Re1 a6 11. Ba4 b5 12. Bc2 Qc7 13. Rc1 Rac8 14. e4 e5 15. dxe5 dxe5 16. Bg5 Rfd8 17. Qe2 Nf8 18. Be3 Ne6 19. g3 Rd7 20. Ng5 Nf8 21. Ngf3 h6 22. Nh4 Ne6 23. f3 Nh5 24. Kh2 Rcd8 25. Qf2 c4 26. Re2 Rd6 27. Ng2 R8d7 28. Kg1 Qd8 29. Nf1 Nd4 30. cxd4 exd4 31. g4 dxe3 32. Nfxe3 Bxb2 33. Rb1 Bd4 34. gxh5 Qa5 35. Kh1 Qxa2 36. Rg1 b4 37. Bb1 Qb3 38. Ba2 Qc3 39. hxg6 Rxg6 40. Nf4 Rxg1+ 41. Qxg1+ Kf8 42. Qg4 Bxe3 43. Qxd7 Qc1+ 0-1

[Event "Natal Potiguar op"]
[Site "Natal"]
[Date "2013.07.07"]
[Round "5"]
[White "De Morais, Alemberg Beserra"]
[Black "Dos Santos, Valdir Rerold Tavar"]
[Result "1-0"]
[WhiteElo "1800"]
[BlackElo "1788"]
[PlyCount "73"]
[EventDate "2013.07.05"]
[EventType "swiss"]
[EventRounds "6"]
[EventCountry "BRA"]
[SourceTitle "EXT 2014"]
[Source "ChessBase"]
[SourceDate "2013.11.20"]
[SourceVersion "1"]
[SourceVersionDate "2013.11.20"]
[SourceQuality "1"]

1. d4 Nf6 2. Bf4 e6 3. e3 d5 4. Nf3 Nh5 5. Bg3 Nxg3 6. fxg3 Bd6 7. Bd3 c5 8. c3 c4 9. Bc2 b5 10. 0-0 h6 11. Nbd2 0-0 12. e4 Qb6 13. e5 Bc7 14. Bb1 Nd7 15. Qc2 g6 16. Nh4 Nxe5 17. Ndf3 Nd3 18. Qd2 Kg7 19. Bxd3 cxd3 20. Qxd3 b4 21. Qc2 Ba6 22. Rf2 g5 23. Re1 gxh4 24. Nxh4 Rae8 25. Qd1 f5 26. Qh5 e5 27. Rxf5 Qe6 28. cxb4 Bd3 29. Qg4+ Kh7 30. Rc1 Bb8 31. Rxf8 Qxg4 32. Rxe8 Qxd4+ 33. Kh1 Bd6 34. Rd8 Be7 35. Rd7 Qxb4 36. a3 Qg4 37. Rxe7+ 1-0

[Event "Monte Alegre Potiguar-ch"]
[Site "Monte Alegre"]
[Date "2013.05.26"]
[Round "5"]
[White "Cabral Mesquita, Jussier"]
[Black "De Morais, Alemberg Beserra"]
[Result "1-0"]
[WhiteElo "1829"]
[BlackElo "1800"]
[PlyCount "67"]
[EventDate "2013.05.25"]
[EventType "swiss"]
[EventRounds "5"]
[EventCountry "BRA"]
[SourceTitle "EXT 2015"]
[Source "ChessBase"]
[SourceDate "2014.11.20"]
[SourceVersion "1"]
[SourceVersionDate "2014.11.20"]
[SourceQuality "1"]

1. e4 e5 2. Nf3 Nc6 3. Bb5 a6 4. Ba4 Nf6 5. d3 Be7 6. c3 0-0 7. h3 b5 8. Bc2 d6 9. Nbd2 Bb7 10. Nf1 d5 11. Bg5 dxe4 12. dxe4 Qxd1+ 13. Rxd1 Rad8 14. Ng3 h6 15. Be3 Rxd1+ 16. Kxd1 Na5 17. Nxe5 Bd6 18. Nf3 Bxg3 19. fxg3 Nc4 20. Bc1 Bxe4 21. Bb3 Rd8+ 22. Ke1 Re8 23. Kf2 Bxf3 24. gxf3 Ne5 25. Rd1 Rc8 26. Bc2 c5 27. b3 Kf8 28. Rd6 Rc6 29. Rxc6 Nxc6 30. Be3 c4 31. Bc5+ Ke8 32. bxc4 bxc4 33. Ba4 Kd7 34. Bf8 1-0